000 00406cam a22001337a 4500
008 180718b1983 xxu||||| |||| 00| 0 eng d
082 _aK18x54 In2p
245 _aPublic service in a democratic context
_cedited by R. B. Jain
260 _aNew Delhi
_bIndian Institute of Public Administration
_c1983
300 _a339p.
650 _aPersonnel management
650 _aCivil service
700 _aJain, R. B.
999 _c500798
_d500798